| 000 | 01232nam a2200289 ia4500 | ||
|---|---|---|---|
| 003 | OSt | ||
| 005 | 20260414115535.0 | ||
| 008 | 260414s2025 nyua jrb 000 0 eng d | ||
| 020 |
_a9780241742914 _cRM 98.90 _qhardback |
||
| 040 |
_aPPAK _beng _cPPAK _erda |
||
| 082 | 0 | 4 |
_223 _a152.47 |
| 090 | 0 | 0 |
_a152.47 _bRAM _dK |
| 100 | 1 |
_aRamirez, Fabian, _eauthor. |
|
| 245 | 1 | 0 |
_aa kids book about ANGER / _cby Fabian Ramirez |
| 246 | 3 | 0 | _aAnger |
| 250 | _aFirst American edition. | ||
| 264 | 1 |
_aNew York : _bDK Publishing, _c[2025] |
|
| 300 |
_a1 volume (unpaged) : _bcolour illustrations ; _c26 cm |
||
| 336 |
_atext _2rdacontent |
||
| 337 |
_aunmediated _2rdamedia |
||
| 338 |
_avolume _2rdacarrier |
||
| 490 | 1 | _aa kids book about | |
| 520 |
_a"Anger is a part of life--but we never really talk about it. This is why, too often, kids don't fully understand what they're feeling or what to do about it. This book is here to help kids recognize what it means to feel angry and how to deal with and process their anger in healthy and helpful ways that might even inspire positive change"-- _cBack cover. |
||
| 650 | 1 | 0 |
_aAnger in children _vJuvenile literature |
| 830 | 0 | _aa kids book about | |
| 942 |
_2ddc _cB |
||
| 999 |
_c203835 _d203835 |
||